[Event "Gorges op 29th"]
[Site "Gorges"]
[Date "2019.07.06"]
[Round "2"]
[White "Delafenetre, Alexandre"]
[Black "Dimpre, Alexis"]
[Result "1-0"]
[WhiteElo "1740"]
[BlackElo "1584"]
[PlyCount "73"]
[EventDate "2019.07.05"]
[EventType "swiss"]
[EventRounds "5"]
[EventCountry "FRA"]
[SourceTitle "EXT 2020"]
[Source "ChessBase"]
[SourceDate "2019.10.17"]
[SourceVersion "1"]
[SourceVersionDate "2019.10.17"]
[SourceQuality "1"]

1. d4 Nf6 2. Nf3 g6 3. e3 Bg7 4. b3 d6 5. Bb2 0-0 6. Bd3 Nbd7 7. Nbd2 c5 8. 0-0 b6 9. c4 Bb7 10. d5 e6 11. e4 exd5 12. exd5 b5 13. Rb1 Nb6 14. a4 bxc4 15. bxc4 Qc7 16. Qc2 Nbd7 17. Ng5 Rab8 18. f4 Rfe8 19. f5 Ne5 20. fxg6 hxg6 21. Bxe5 Rxe5 22. Ndf3 Re7 23. Nh4 Rbe8 24. Bxg6 fxg6 25. Qxg6 Rf8 26. Nf5 Bc8 27. Nxe7+ Qxe7 28. Rb8 Qe3+ 29. Kh1 Qe2 30. Rbb1 Qxc4 31. Rbe1 Bd7 32. Ne6 Bxe6 33. dxe6 Qg4 34. Rxf6 Qxg6 35. Rxg6 Re8 36. e7 Kf7 37. Rxd6 1-0

[Event "Gorges op 29th"]
[Site "Gorges"]
[Date "2019.07.06"]
[Round "1"]
[White "Dimpre, Alexis"]
[Black "Martini, Lionel"]
[Result "1-0"]
[WhiteElo "1584"]
[BlackElo "1389"]
[PlyCount "75"]
[EventDate "2019.07.05"]
[EventType "swiss"]
[EventRounds "5"]
[EventCountry "FRA"]
[SourceTitle "EXT 2020"]
[Source "ChessBase"]
[SourceDate "2019.10.17"]
[SourceVersion "1"]
[SourceVersionDate "2019.10.17"]
[SourceQuality "1"]

1. d4 d5 2. c4 e6 3. Nf3 Nc6 4. Nc3 Nf6 5. Bg5 h6 6. Bh4 Be7 7. e3 0-0 8. a3 b6 9. Bd3 Ba6 10. cxd5 Bxd3 11. dxc6 Ba6 12. b4 Bc4 13. Ne5 Nd5 14. Bxe7 Qxe7 15. Nxc4 Nxc3 16. Qc2 Nd5 17. 0-0 b5 18. Ne5 f5 19. Ng6 Qf6 20. Nxf8 Rxf8 21. Qc5 Qg5 22. Qxb5 f4 23. exf4 Qg4 24. h3 Qh4 25. Qe2 Nxf4 26. Qg4 Qf6 27. g3 Nd5 28. Rae1 Re8 29. Qh5 Re7 30. Qe5 Qf3 31. Qe2 Qxa3 32. Qc4 Qf3 33. Qa6 Nxb4 34. Qc8+ Kf7 35. Qb7 a5 36. Qb5 Nc2 37. Re3 Qh5 38. Qxh5+ 1-0

[Event "Rochefort op-B 18th"]
[Site "Rochefort"]
[Date "2019.02.19"]
[Round "6"]
[White "Neau, Julien"]
[Black "Dimpre, Alexis"]
[Result "1/2-1/2"]
[WhiteElo "1910"]
[BlackElo "1624"]
[PlyCount "105"]
[EventDate "2019.02.16"]
[EventType "swiss"]
[EventRounds "9"]
[EventCountry "FRA"]
[SourceTitle "CBM 189 Extra"]
[Source "ChessBase"]
[SourceDate "2019.05.31"]
[SourceVersion "1"]
[SourceVersionDate "2019.05.31"]
[SourceQuality "1"]

1. d4 Nf6 2. c4 g6 3. Nc3 d5 4. e3 Bg7 5. cxd5 Nxd5 6. Nxd5 Qxd5 7. Ne2 0-0 8. Nc3 Qd8 9. Be2 c6 10. 0-0 e5 11. dxe5 Bxe5 12. f4 Bg7 13. Bf3 Be6 14. Qe2 Nd7 15. e4 Nb6 16. Rd1 Qc7 17. g3 Rad8 18. Be3 Bc4 19. Qc2 Rfe8 20. b3 Nd5 21. Nxd5 Bxd5 22. Rac1 Be6 23. Bf2 Rxd1+ 24. Rxd1 a6 25. Qc5 Rd8 26. Bd4 Rxd4 27. Rxd4 Bxd4+ 28. Qxd4 Qa5 29. g4 Qxa2 30. Qd8+ Kg7 31. Qd4+ Kg8 32. Qd8+ Kg7 33. Qd4+ Kg8 34. f5 gxf5 35. Qd8+ Kg7 36. Qd4+ Kg8 37. exf5 Bxb3 38. f6 Bd5 39. Qb6 Qa1+ 40. Kg2 Qxf6 41. Bxd5 Qd6 42. Be4 Qd2+ 43. Qf2 Qxf2+ 44. Kxf2 Kg7 45. Bf5 a5 46. Ke3 h6 47. Bc8 b6 48. Bd7 c5 49. Bb5 Kg6 50. Kf4 h5 51. g5 f6 52. Bd3+ Kg7 53. Bb5 1/2-1/2

[Event "Basses Vallees Angevines op 4th"]
[Site "Cantenay Epinard"]
[Date "2015.12.19"]
[Round "1"]
[White "Dimpre, Alexis"]
[Black "Potiron, Nathan"]
[Result "0-1"]
[WhiteElo "1280"]
[BlackElo "1388"]
[PlyCount "116"]
[EventDate "2015.12.19"]
[EventType "swiss"]
[EventRounds "5"]
[EventCountry "FRA"]
[SourceTitle "EXT 2019"]
[Source "ChessBase"]
[SourceDate "2018.10.10"]
[SourceVersion "1"]
[SourceVersionDate "2018.10.10"]
[SourceQuality "1"]

1. e4 c5 2. Nc3 d6 3. h3 Nf6 4. Nf3 g6 5. d3 Bg7 6. Be3 0-0 7. Qd2 Nc6 8. a3 a6 9. h4 Ng4 10. h5 Nxe3 11. Qxe3 Ne5 12. Nxe5 Bxe5 13. hxg6 fxg6 14. Qh6 Rf7 15. g3 Qf8 16. Nd5 Qxh6 17. Rxh6 Bxb2 18. Ra2 Bd4 19. f4 e5 20. f5 gxf5 21. exf5 Bxf5 22. Rxd6 e4 23. c3 Be5 24. Rb6 Bxg3+ 25. Kd1 Bg4+ 26. Be2 Bxe2+ 27. Rxe2 exd3 28. Rg2 Rg7 29. Nf6+ Kh8 30. Re6 Bh4 31. Rxg7 Kxg7 32. Nh5+ Kf7 33. Re4 Bg5 34. Re5 Kg6 35. Ng3 b6 36. Re6+ Kf7 37. Rxb6 d2 38. Ne4 Be3 39. Rf6+ Kg7 40. Rf3 Bh6 41. Rg3+ Kh8 42. Nxc5 Rb8 43. Kc2 Rb2+ 44. Kxb2 d1Q 45. Nxa6 Qc1+ 46. Kb3 Qb1+ 47. Ka4 Qd1+ 48. Kb4 Bf8+ 49. Nc5 Qd5 50. a4 Qxc5+ 51. Kb3 Qa3+ 52. Kc2 Qxa4+ 53. Kd3 Qa3 54. Rf3 Bb4 55. Kc2 Qa2+ 56. Kd3 Bxc3 57. Kxc3 Qa3+ 58. Kd2 Qxf3 0-1

[Event "Basses Vallees Angevines op 4th"]
[Site "Cantenay Epinard"]
[Date "2015.12.19"]
[Round "5"]
[White "Dimpre, Alexis"]
[Black "Salmon, Vivien"]
[Result "0-1"]
[WhiteElo "1280"]
[BlackElo "1060"]
[PlyCount "56"]
[EventDate "2015.12.19"]
[EventType "swiss"]
[EventRounds "5"]
[EventCountry "FRA"]
[SourceTitle "EXT 2019"]
[Source "ChessBase"]
[SourceDate "2018.10.10"]
[SourceVersion "1"]
[SourceVersionDate "2018.10.10"]
[SourceQuality "1"]

1. e4 e5 2. Nf3 Nc6 3. Bc4 Bc5 4. Nc3 d6 5. d3 Bg4 6. h3 Bh5 7. 0-0 Nf6 8. Bg5 h6 9. Bh4 g5 10. Bg3 g4 11. hxg4 Bxg4 12. Nd5 h5 13. Bh4 Rh6 14. Nxf6+ Rxf6 15. Bxf6 Qxf6 16. Bd5 0-0-0 17. Bxc6 bxc6 18. a3 h4 19. b4 Bd4 20. Rb1 h3 21. b5 hxg2 22. Kxg2 Rg8 23. Kh2 Qh6+ 24. Kg2 Bh3+ 25. Kh1 Bd7+ 26. Nh2 Rh8 27. Kg2 Qh3+ 28. Kh1 Qxh2# 0-1